000 00951cab a2200265 4500
001 WB3230-49
008 090401t1996 xxu||||| |||| 00| 0 eng d
035 _a(Sirsi) u64676
041 _aeng
245 _aTenant Mix Agreement
260 _c1996
350 _a0
490 _aEstates Gazette Case Summaries
_v[1996] EGCS 132(1) (27/7/96)
520 _a"Slough Estates plc and others v Welwyn Hatfield DC and another" QBD 11 July 1996. Held that council had entered into a secret agreement to relax limitations on tenant mix at rival shopping centre. Slough Estates awarded £48m damages.
650 _aFALSE REPRESENTATION
650 _aGALLERIA
650 _aHOWARD CENTRE
650 _aMISREPRESENTATION
650 _aPARK PLAZA
650 _aSLOUGH ESTATES PLC AND OTHERS V WELWYN HATFIELD DC AND ANOTHER
650 _aTENANT MIX AGREEMENT
690 _aPLANNING LAW AND PRACTICE-CASE LAW
942 _n0
948 _c04/03/1997
999 _c40293
_d40293